Monster Hunter Wilds- Tous les monstres avec images - Statistiques

Statistiques générales
  • Ce quiz a été pris 27 fois
  • Le résultat moyen est 29 sur 34
Statistiques - réponses
Par images Réponse % Correct
Gore magala
100%
Rathalos
100%
Gogmazios
95%
Lagiacrus
95%
Rey dau
95%
Arkveld
90%
Congalala
90%
Gravios
90%
Gypceros
90%
Lala Barina
90%
Omega planetikos
90%
Quematrice
90%
Rathian
90%
Rompopolo
90%
Seregios
90%
Yian kut ku
90%
Zoh shia
90%
Arkveld gardien
86%
Chatacabra
86%
Mizutsune
86%
Nu udra
86%
Rathalos gardien
86%
Anjanath tonnerre gardien
81%
Blangonga
81%
Doshaguma gardien
81%
Jin dahaad
81%
Balahara
76%
Hirabami
76%
Nerscylla
76%
Odogaron désastre gardien
76%
Uth duna
76%
Xu wu
76%
Ajarakan
71%
Doshaguma
71%
Aucun quiz correspondant
Distribution des résultats
% des personnes avec chaque résultat
Percentile par nombre de réponses
Votre historique - résultats
Vous n’avez pas pris ce quiz